| 000 | 01230nam0a22002651 4500 | ||
|---|---|---|---|
| 001 | rc\2961983 | ||
| 005 | 20250529235705.0 | ||
| 035 | _a(NLR Aleph) 007108599 | ||
| 090 |
_a6744386 _c6744386 |
||
| 100 | _a20080110d1934 |||y0rusy50 ca | ||
| 101 | 1 | _arus | |
| 102 | _aRU | ||
| 105 | _aa z ||||y | ||
| 200 | 1 |
_aЭкранный котел с комбинированной топкой на пылевидном угле и древесном топливе _eArchiv für Wärmewirtschaft, 1933 г., № 2, стр. 29-33 _fПер. Елачина _gРед. Алексинский _g[Материал отобран, пер. и отред. Оргэнерго] |
|
| 210 |
_aМосква _cТехинформиздат _cЦитэин Со НКТП _d1934 _eКалинин _gтип. "Пролет. правды" |
||
| 215 |
_a24 с. _cил. _d15х11 см |
||
| 225 | 1 |
_aБиблиотечка Новости техники _fТехСО _vСерия 6 _aПо теплотехнике |
|
| 702 | 1 |
_aЕлачин _4730 |
|
| 702 | 1 |
_aАлексинский _4340 |
|
| 712 | 0 | 2 |
_a"Оргэнерго", трест _cМосква _4570 |
| 801 | 0 |
_aRU _bNLR _gpsbo |
|
| 801 | 1 |
_aRU _bELAR _2rusmarc |
|
| 852 |
_aNLR _j34-8/3707 |
||
| 942 | _cBOOK | ||
| 980 | _aNB | ||